Türkiye Cumhuriyeti Anayasası (Record no. 3708)

MARC details
000 -BAŞLIK
Sabit Uzunlukta Kontrol Alanı 00725na a2200241 4500
001 - KONTROL NUMARASI
Denetim Alanı 17313
003 - KONTROL NUMARASI IDENTIFIER
Denetim Alanı MIRAKIL
005 - SON İŞLEM TARİHİ VE ZAMANI
Denetim Alanı 20181213154940.0
008 - SABİT-BOY VERİ ELEMANLARI - GENEL BİLGİLER
Sabit Uzunlukta Kontrol Alanı 161024b tu 000 0
035 ## - SİSTEM KONTROL NUMARASI
Sistem Kontrol Numarası 17313
040 ## - KATALOGLAMA KAYNAK
Orijinal Kataloglama Ajansı Milas
Kataloglama Dili tur
Metne Dönüştürmek Ajansı TR-AnCHP
041 ## - DİL KODU
Metin / Ses Parça Veya Ayrı Başlığın Dil Kodu tur
082 ## - DEWEY ONLU SINIFLANDIRMA NUMARASI
Sınıflandırma Numarası 342.02
Ürün Numarası T96 2001
090 ## - SINIFLAMA NUMARASI
Sınıflama Numarası 342.02 T96 2001
245 ## - BAŞLIK TABLOSU
Başlık Türkiye Cumhuriyeti Anayasası
Sorumluluk Tablosu, Vb Hazırlayan Ankara Serbest Muhasebeci Mali Müşavirler Odası (ASMMMO)
260 ## - YAYIN, DAĞITIM, VB
Yayın, Dağıtım, Vb Yeri Ankara
Yayıncı, Dağıtıcı, Vs Adı ASMMMO
Yayın, Dağıtım, Vb Tarihi 2001
300 ## - FİZİKSEL TANIM
Kapsam 158 s.
Boyutlar 14 sm.
490 ## - SERİSİ TABLOSU
Seri Beyanı ASMMMO
Hacim / Ardışık Tanımı 18
650 ## - KONU KATMA GİRİŞ - TOPİKAL DÖNEM
Topikal Süreli Veya Coğrafi Ad Giriş Elemanı Anayasa hukuku
Genel Alt Bölümü Kanunlar
Coğrafi Alt Bölümü Türkiye
651 ## - KONU KATMA GİRİŞ - COĞRAFİ ADI
Coğrafi İsim Türkiye
Genel Alt Bölümü Anayasa, 1982
710 ## - KATMA GİRİŞ - KURUMSAL ADI
Giriş Elemanı Olarak Kurumsal Ad Veya Yargı Alanı Adı Ankara Serbest Muhasebeci Mali Müşavirler Odası (ASMMMO)
942 ## - EKLENDİ GİRİŞ ELEMANLARI (KOHA)
Sınıflandırma Veya Raf Düzeni Kaynak Dewey Decimal Classification
Koha Öğesi Türü Books
999 ## - SİSTEM KONTROL NUMARALARI (KOHA)
Koha Biblionumber 3708
Koha Biblioitemnumber 3708
Holdings
Kalıcı Konum Mevcut Konum Edinme Tarihi Edinim Kaynak Toplam Check-Out'Lar Tam Çağrı Numarası Barkod Tarih Son Görülme İtibaren Geçerli Fiyatlar Koha Öğesi Türü
CHP Kütüphanesi CHP Kütüphanesi 10/24/2016 Bağış   342.02 T96 2001 008088 10/24/2016 10/24/2016 Books